000 00482nam a2200181Ia 4500
001 9614
003 IN-NITTTR
005 20251114233049.0
008 251113s9999||||xx |||||||||||||| ||eng||
040 _beng
040 _cIN-NITTTR
041 _aeng
082 _a158.3 K122D
100 _aKahn, Robert L.
245 4 _aThe dynamics of interviewing :
_b theory, technique and cases /
_cKahn, Robert L., Cannell, Charles F.
700 _a Cannell, Charles F.
942 _2ddc
_cBK
999 _c12251
_d12251